Энциклопедия международных стандартов; Стандарты и качество; № 1

Podrobná bibliografie
Parent link:Стандарты и качество: научно-технический журнал/ Российская Федерация, Государственный комитет по стандартизации и метрологии (Госстандарт России).— , 1980-.— 0038-9692
№ 1.— 2002.— С. 43-45
Hlavní autor: Коровкин И. Игорь
Další autoři: Фомин Г. Геннадий
Jazyk:ruština
Vydáno: 2002
Edice:Стандартизация Новые книги
Témata:
Médium: MixedMaterials Kapitola
KOHA link:https://koha.lib.tpu.ru/cgi-bin/koha/opac-detail.pl?biblionumber=459060

MARC

LEADER 00000naa2a2200000 4500
001 459060
005 20231101085122.0
035 |a (RuTPU)RU\TPU\prd\122826 
035 |a RU\TPU\prd\4148 
090 |a 459060 
100 |a 20111018a2002 k y0rusy50 ca 
101 0 |a rus 
102 |a RU 
200 1 |a Энциклопедия международных стандартов  |f И. Коровкин, Г. Фомин 
225 1 |a Стандартизация  |d Новые книги 
461 1 |0 (RuTPU)RU\TPU\prd\992  |x 0038-9692  |t Стандарты и качество  |o научно-технический журнал  |f Российская Федерация, Государственный комитет по стандартизации и метрологии (Госстандарт России)  |d 1980- 
463 1 |0 (RuTPU)RU\TPU\prd\122806  |t № 1  |v С. 43-45  |d 2002 
610 1 |a энциклопедии 
610 1 |a международные стандарты 
700 1 |a Коровкин  |b И.  |g Игорь 
701 1 |a Фомин  |b Г.  |g Геннадий 
801 1 |a RU  |b 63413507  |c 20020527  |g PSBO 
801 2 |a RU  |b 63413507  |c 20111018  |g PSBO 
942 |c BK